[Event "IV C.to Europeo Piccole Nazioni a squadre"]
[Site "Guernsey GCI"]
[Date "2015.04.25"]
[Round "8.20"]
[White "Maccapani, Massimiliano"]
[Black "Muendle, Kurt"]
[WhiteElo "2009"]
[BlackElo "1863"]
[Result "1/2-1/2"]
[Annotator "SMR-LIE"]
[PlyCount "51"]
[EventDate "2015.04.19"]

1. Nf3 d5 2. c4 e6 3. g3 Nf6 4. Bg2 Be7 5. O-O c6 6. b3 Nbd7 7. Bb2 O-O 8. d3
Qc7 9. Nbd2 b6 10. e3 Bb7 11. Rc1 c5 12. cxd5 exd5 13. d4 Qb8 14. Re1 Rd8 15.
Qc2 a5 16. Rcd1 a4 17. Nh4 Bf8 18. e4 dxe4 19. Nxe4 Nxe4 20. Bxe4 Bxe4 21. Rxe4
axb3 22. axb3 Nf6 23. Ree1 Nd5 24. Nf5 Ra2 25. Qc1 h6 26. Ne3 1/2-1/2

[Event "IV C.to Europeo Piccole Nazioni a squadre"]
[Site "Guernsey GCI"]
[Date "2015.04.25"]
[Round "9.13"]
[White "Berardi, Giancarlo"]
[Black "De La Riva Aguado, Oscar"]
[WhiteElo "1625"]
[BlackElo "2507"]
[Result "0-1"]
[Annotator "SMR-AND"]
[PlyCount "46"]
[EventDate "2015.04.19"]

1. c4 g6 2. Nc3 Bg7 3. g3 c5 4. Bg2 Nc6 5. Nf3 e6 6. d3 Nge7 7. O-O O-O 8. Rb1
d5 9. b3 Bxc3 10. Bb2 Bxb2 11. Rxb2 Nf5 12. Qc1 b6 13. cxd5 exd5 14. g4 Nfd4
15. Qh6 Nxf3+ 16. Bxf3 Ne5 17. h3 Nxf3+ 18. exf3 Re8 19. Kg2 Qf6 20. Rc2 d4 21.
h4 Bb7 22. Rg1 Qxf3+ 23. Kf1 Qd1# 0-1

[Event "IV C.to Europeo Piccole Nazioni a squadre"]
[Site "Guernsey GCI"]
[Date "2015.04.25"]
[Round "9.14"]
[White "Garcia Paolicchi, Raul"]
[Black "Grassi, Enrico"]
[WhiteElo "2146"]
[BlackElo "2038"]
[Result "1-0"]
[Annotator "SMR-AND"]
[PlyCount "101"]
[EventDate "2015.04.19"]

1. d4 d6 2. c4 e5 3. d5 f5 4. e4 Nf6 5. Nc3 Be7 6. exf5 Bxf5 7. Nge2 O-O 8. Ng3
Bd7 9. Be2 a5 10. O-O Na6 11. Be3 b6 12. Rc1 Nc5 13. b3 Qc8 14. f3 Ne8 15. Qd2
g6 16. Nge4 Qd8 17. Bd1 Ng7 18. Bh6 Rf7 19. g4 Ne8 20. Be3 Nf6 21. Ng3 Kh8 22.
Bc2 Qg8 23. Kg2 h5 24. h3 h4 25. Nge2 Nh7 26. f4 Raf8 27. a3 Nf6 28. Rf2 Bxg4
29. hxg4 Nxg4 30. Rff1 h3+ 31. Kh1 g5 32. f5 Nxe3 33. Qxe3 g4 34. Qg3 Bf6 35.
Ne4 Nxe4 36. Bxe4 Rg7 37. Rcd1 Qh7 38. Rd3 Qh6 39. Rg1 Kg8 40. Qe1 Kf7 41. Qd1
Ke7 42. Ng3 Kd7 43. b4 axb4 44. Qa4+ Ke7 45. Qc6 Kd8 46. axb4 Bh4 47. Ra3 Bxg3
48. Ra8+ Ke7 49. Qxc7+ Kf6 50. Qxd6+ Kg5 51. Qxh6+ 1-0

[Event "IV C.to Europeo Piccole Nazioni a squadre"]
[Site "Guernsey GCI"]
[Date "2015.04.25"]
[Round "9.16"]
[White "Fernandez Lopez, Joan"]
[Black "Maccapani, Massimiliano"]
[WhiteElo "2133"]
[BlackElo "2009"]
[Result "1-0"]
[Annotator "SMR-AND"]
[PlyCount "21"]
[EventDate "2015.04.19"]

1. e4 c5 2. Nf3 d6 3. d4 cxd4 4. Nxd4 Nf6 5. Nc3 a6 6. Be3 e5 7. Nf3 Be7 8. Bc4
Qc7 9. Bb3 b5 10. Nd5 Nxd5 11. Qxd5 1-0